Long words - Statistics

General Stats
  • This quiz has been taken 41 times
  • The average score is 6 of 11
Answer Stats
Meaning Answer Letters % Correct
A lung disease caused by inhaling the fine silica or quartz dust. Pneumonoultramicroscopicsilicovolcanoconiosis 45
85%
A lake in Webster, Massachusetts, USA. Chargoggagoggmanchauggagoggchaubunagungamaugg 46
70%
The fear of long words. Hippopotomonstrosesquippedaliophobia 36
65%
A defect that causes short fingers or short hand bones. a.k.a as PPH. Pseudopseudohypoparathyroidism 30
65%
Extremely good, wonderful. Supercalifragilisticexpialidocious 34
65%
An infinitely small fraction. Infinitesimal 12
50%
Inflammation of the larynx and the trachea. Laryngotracheobronchitis 24
50%
A defect similar to PPH. Pseudohypoparathyroidism 24
40%
The fact of being impossible to understand. Incomprehensibilities 20
35%
A brain scan used after injecting air into it. Pneumoencephalography 21
30%
A medication used to cool down body temperature. Acetaminophen 13
15%
No matching quizzes found
Score Distribution
Percent of People with Each Score
Percentile by Number Answered
Your Score History
You have not taken this quiz